00918pam a2200265 a 45000010008000000030004000080050017000120080041000290100017000700200018000870400018001050500022001230820021001451000033001662450068001992600031002673000034002985000020003326500029003527000021003819060045004029420048004479520140004959990017006354888409OSt20230926124656.0930507s1994 nyua 000 0 eng  a 93024962  z9788130916002 aDLCcDLCdDLC00aHB135b.S545 199400a510.24339bSIM/M1 aSimon, Carl P.,d1945-9939610aMathematics for economists /cCarl P. Simon and Lawrence Blume. aNew York :bNorton,c2019. axxiv, 930 p. :bill. c25 cm. aIncludes index. 0aEconomics, Mathematical.1 aBlume, Lawrence. a7bcbccorignewd1eocipf19gy-gencatlg 2ddccBKh510.24339iSIM/Mk510.24339mSIM/M 00102ddc40708STATISTICSaMESbMEScSTAd2023-09-26l0o510.24339 SIM/Mp42729r2023-09-26 12:47:45v1095.00w2023-09-26yBKzGL21R1 c42434d42434